Účtování a daňové uplatnění finančního leasingu u nájemce v jednoduchém a podvojném účetnictví

Časové rozlíšenie a daňové uplatnenie nájomného. Finančný leasing v jednoduchom účtovníctve: inventúrna karta časového rozlíšenia nájomného, účtovanie splátok nájomného v priebehu roka, účtovanie pri účtovnej závierke, účtovanie ostatných výdavkov spojených s prenajatým automobilom. Finančný leasing...

Descrizione completa

Salvato in:
Dettagli Bibliografici
Autore principale: Klainová, N.
Natura: Capitolo di libro
Lingua:ceco
Soggetti:
Tags: Aggiungi Tag
Nessun Tag, puoi essere il primo ad aggiungerne!!

MARC

LEADER 00000naa a2200000 4500
001 r019115
005 20221205103225.0
041 0 |a cze 
044 |a CZ 
245 1 0 |a Účtování a daňové uplatnění finančního leasingu u nájemce v jednoduchém a podvojném účetnictví  |c N. Klainová 
520 |a Časové rozlíšenie a daňové uplatnenie nájomného. Finančný leasing v jednoduchom účtovníctve: inventúrna karta časového rozlíšenia nájomného, účtovanie splátok nájomného v priebehu roka, účtovanie pri účtovnej závierke, účtovanie ostatných výdavkov spojených s prenajatým automobilom. Finančný leasing v podvojnom účtovníctve. 
610 2 0 |a lízing 
610 2 0 |a lízing finančný 
610 2 0 |a rozlíšenie časové 
610 2 0 |a nájomné 
610 2 0 |a závierka účtovná 
610 2 0 |a účtovníctvo jednoduché 
610 2 0 |a účtovníctvo podvojné 
610 2 0 |a prenájom 
610 2 0 |a automobily 
610 2 0 |a dane 
610 2 0 |a účtovanie 
100 1 |a Klainová, N.